000 01968cam a22004454i 4500
003 PE-LiUPU
005 20250731175626.0
008 150623s r 000 0 d
020 _a2865382710
035 _a(Sirsi) i9782865382712
040 _aPE-LiUPU
_bspa
_cPE-LiUPU
_erda
049 _aPRUA
082 0 4 _a492.1
_bL57
_221
245 0 0 _aLettres royales du temps de Zimri-Lim :
_barchives royales de Mari XXVIII /
_cpublicado por Jean-Robert Kupper.
264 1 _aParis :
_bMinistere des Affaires Etrangeres; Editions Recherche sur les Civilizations,
_c1998.
300 _a401 páginas :
_bilustraciones, fotos, gráficos ;
_c29 centímetros
336 _atext
_2rdacontent
337 _aunmediated
_2rdamedia
338 _avolume
_2rdacarrier
504 _aIncluye bibliografía.
505 0 _aBabylone. -Qatna. -Alep. -Karkémis. -Zalmaqum. -Talhayum. -Burundum. -Urgis. -Hurra. -Aslakka. -Zalluhan. -llan-sura. -Susa. -Asnakkum. -Suduhum. -Yaphur-Lim. -Yakun-Dir. -Kahat. -Qaá et Isqa. -Tarmanni. -Suna. -Abi-Samar et Iksud-la-semesu. -Pays dÁpum. -Arriyuk. -Razama de Yussan. -Sepraru. -Kurda. -Andarig. -Karana-Qattara. -Turukku. -Elam.
526 _aP145
526 _aP127
526 _aP97
526 _aP35
526 _aP14
526 _aP07
600 1 _aZimri-LimRey de Mari
_ySiglo XVIII a.C.
650 0 4 _aAcadio
_vTextos.
650 0 4 _aAsiria
_xHistoria
_vFuentes.
650 0 4 _aCartas Asirio-babilónicas.
650 0 4 _aMari (Ciudad extinta)
_xHistoria
_vFuentes.
700 1 _aKupper, Jean-Robert,
_epub.
942 _2ddc
_cBOOK
949 _a492.1 L57
_wDEWEY
_c1
_i49465
_lCCODEBUL1
_mBUL
_r0
_sY
_tBOOK
_u2015-6-24
_xTEOLOGIA
_PP35
_0COMPRA
_o.STAFF. Colección General
994 _aC0
_bPEPRU
596 _a1
999 _a492.1 L57
_wDEWEY
_c29987
_i49465
_f2021-11-5
_g5
_lCCODEBUL1
_mBUL
_r0
_sY
_tBOOK
_u2015-6-24
_xBIBLIOTECA
_PP35
_0COMPRA
_o.STAFF. Colección General
_d29987
980 _81
_gALBERTO SANCHEZ Responsable de Automatización